Catálogo

Vista normal Vista MARC

Entrada Personal Name

Número de registros utilizados en: 2

001 - CONTROL NUMBER

  • control field: 10433

003 - CONTROL NUMBER IDENTIFIER

  • control field: DLC

005 - DATE AND TIME OF LATEST TRANSACTION

  • control field: 20200122101822.0

008 - FIXED-LENGTH DATA ELEMENTS

  • fixed length control field: 071023n| azannaabn |n aaa

010 ## - LIBRARY OF CONGRESS CONTROL NUMBER

  • LC control number: nb2007024123

035 ## - SYSTEM CONTROL NUMBER

  • System control number: (OCoLC)oca07562287

040 ## - CATALOGING SOURCE

  • Original cataloging agency: Uk
  • Language of cataloging: spa
  • Description conventions: rda
  • Transcribing agency: Mx-PuUPA
  • Modifying agency: NN
  • Modifying agency: DLC
  • Modifying agency: Mx-PuUPA

100 1# - HEADING--PERSONAL NAME

  • Personal name: Carroll, Henry,

372 ## - FIELD OF ACTIVITY

  • Field of activity: Fotografía

374 ## - OCCUPATION

  • Occupation: Autor

375 ## - GENDER

  • Gender: hombre

377 ## - ASSOCIATED LANGUAGE

  • Language code: eng

670 ## - SOURCE DATA FOUND

  • Source citation: Fourteen zebra, 2006:
  • Information found: t.p. (Henry Carroll)

670 ## - SOURCE DATA FOUND

  • Source citation: Read this if you want to take great photographs, 2014:
  • Information found: title page (Henry Carroll)

670 ## - SOURCE DATA FOUND

  • Source citation: Frui, viewed Mar. 31, 2014:
  • Information found: About the team (Henry Carroll; photographer, arts writer and published author of photography and humour books; director of Frui, a London-based company providing photography holidays and courses; MA in Photography from the Royal College of Art)

670 ## - SOURCE DATA FOUND

  • Source citation: Read this if you want to take great photographs, 2018:
  • Information found: title page (Henry Carroll) of cover

670 ## - SOURCE DATA FOUND

  • Source citation: Biblioteca del congreso (Estados Unidos), 22 enero 2020:
  • Information found: Catálogo electrónico
  • Uniform Resource Identifier: http://bit.ly/36gmnrg